| 000 | 00884nam a2200229 a 4500 | ||
|---|---|---|---|
| 001 | 000024375 | ||
| 005 | 20200930022946.0 | ||
| 008 | 110126s1971 mx r 000 e spa d | ||
| 040 |
_aDO-SdBNP _bspa _cBNPHU |
||
| 041 | 1 | 7 |
_aspa _heng _2Código de idiomas MARC |
| 082 |
_a370 _bL795m |
||
| 240 | 1 | 4 |
_aThe knowledge most worth having. _lEspañol |
| 245 | 0 | 3 |
_aLo más valioso del saber / _cCompilado por Wayne C. Booth ; traducción de Agustín Barcena. |
| 260 |
_aMéxico : _bLimusa-Wiley, _c1971. |
||
| 300 |
_a190 p. ; _c22 cm. |
||
| 504 | _aIncluye referencias bibliográficas y notas al pie de las páginas. | ||
| 534 |
_pTítulo original en inglés: _tThe knowledge most worth having. _cUniversity of Chicago, 1967 |
||
| 650 | 4 |
_aEducación _xEnsayos, conferencias, etc. _931150 |
|
| 700 | 1 |
_aBooth, Wayne C., _949985 |
|
| 700 | 1 |
_aBarcena, Agustín, _etr. _95521 |
|
| 049 | _aBNGR | ||
| 999 |
_c23868 _d23868 |
||